Le Droit International Privé d’après les Conventions de La Haye. (Registro nro. 296643)

Detalles MARC
000 -ENCABEZADO
Número de control [NR] 02565nam a22002777a 4500
005 - FECHA Y HORA DE LA ÚLTIMA TRANSACCIÓN
control field 20140925142811.0
008 - DE LONGITUD FIJA DE DATOS DE ELEMENTOS - INFORMACIÓN GENERAL
Elementos de longitud fija [NR] 140819s1911 fr ||||fr|||| 001 0 fre d
040 ## - FUENTE DE CATALOGACION [NR]
Quien Cataloga Sandra Yazo
Quien Clasifica Sandra Yazo
041 1# - CODIGO DE IDIOMA [R]
Código de idioma para texto/pista de sonido o título separado [R] Francés
082 04 - NUMERO DE CLASIFICACION DECIMAL DEWEY [R]
Número de la edición [NR] 20
Número de clasificación [R] 346.016
092 ## - SIGNATURA TOPOGRAFICA LOCAL
Número de clasificación local E32N020
100 1# - ASIENTO PRINCIPAL--NOMBRE PERSONAL [NR]
Nombre personal [NR] Buzzati, G. C.
Fechas asociadas con el nombre [NR] 1862-1920
ID Autoridad 63873
Forma más completa del nombre [NR] (Giulio Cesare)
242 00 - TRADUCCION DEL TITULO POR LA AGENCIA CATALOGADORA [R]
Título [NR] El Derecho Internacional Privado según las Convenciones de la Haya
Parte restante del título [NR] I. El Matrimonio: según la Convención del 12 de junio de 1902.
Mención de responsabilidad, etc. [NR] G. C. Buzzati ; Traducción al francés, a partir del texto italiano por Francis Rey; revisada y corregida por el mismo autor.
Código de idioma del título traducido [NR] spa
245 10 - MENCION DE TITULO [NR]
Título [NR] Le Droit International Privé d’après les Conventions de La Haye.
Parte restante del título [NR] I. Le mariage: d’après la Convention du 12 juin 1902.
Mención de responsabilidad, etc. [NR] G. C. Buzzati ; Traduction française du texte italien révisé et corrigé par l’auteur par Francis Rey
260 ## - PUBLICACION, DISTRIBUCION, ETC. (PIE DE IMPRENTA) [R]
Lugar de publicación, distribución, etc. [R] París (Francia)
Nombre del editor, distribuidor, etc. [R] Librairie de la soci}eté du Recueil Siley [Librería de la Compañía de Recopilaciones Sirey Imprenta de Carlos Colin]
Fecha de publicación, distribución, etc. [R] 1911
300 ## - DESCRIPCION FISICA [R]
Extensión [R] viii, 507 páginas
Dimensiones [R] 22 x 14 cm.
500 ## - NOTA GENERAL [R]
Nota general [NR] Detalles físicos: Encuadernación rígida (holandesa) en cartón duro forrado en papel. Lomo en cuero con nervaduras sobre costuras. Adornos en dorado y repujados. Guardas en papel impreso, imitando papel de agua. Hoja de cortesía. Anteportada. Portada impresa en una sola tinta, con diferentes tipos de letra. Texto impreso en una sola columna, sobre papel semisatinado. Notas al pie de página. Ejemplar en buen estado. Cortes decorados.
505 0# - NOTA DE CONTENIDO CON FORMATO PREESTABLECIDO [R]
Nota de contenido con formato preestablecido [NR] V.1: Introducción ; El matrimonio, según la Convención de La Haya (12 de junio de 1902): La capacidad matrimonial ; El orden público del lugar donde se celebra el matrimonio ; Las pruebas de la capacidad para contraer ; Forma del matrimonio ; El matrimonio diplomático y Consular ; Ámbito de las leyes que regulan la aplicación de la Convención ; Apéndices: Convención de La Haya del 12 de junio de 1902 ; Convenciones de La Haya sobre el procedimiento civil ; Leyes y decretos suecos, relacionados con la Convención de La Haya del 12 de junio de 1902 ; Proyecto de ley austríaco y Pacto austro-húngaro para la aplicación de las Convenciones de La Haya de 1902 ; Convenciones de La Haya, del 17 de julio de 1905.
506 ## - NOTA DE RESTRICCIONES DE ACCESO [R]
Condiciones de acceso [NR] Consulta en sala
546 ## - NOTA DE IDIOMA [R]
Nota de idioma [NR] Texto en francés
650 #7 - ASIENTO SECUNDARIO DE MATERIA - TERMINO TEMATICO [R]
9 (RLIN) 48611
Término temático o nombre geográfico como elemento de entrada [NR] Matrimonio (Derecho)
650 #7 - ASIENTO SECUNDARIO DE MATERIA - TERMINO TEMATICO [R]
Término temático o nombre geográfico como elemento de entrada [NR] Derecho internacional
9 (RLIN) 12776
690 ## - ASUNTO AGREGADO LOCAL DE ENTRADA - TÉRMINO TEMÁTICO (OCLC, RLIN)
9 (RLIN) 42772
Acceso temático local Derecho internacional
700 1# - ASIENTO SECUNDARIO - NOMBRE PERSONAL [R]
Nombre personal [NR] Rey, Francis
Término de relación [R] traductor
9 (RLIN) 63874
942 ## - ELEMENTOS DE ENTRADA AGREGADOS (KOHA)
Tipo de ítem principal el descrito en 300a Libro
Edición 1
Sistema de clasificación LOCAL
Clasificación E32N020
Existencias
Suprimido Perdido Sistema de clasificación Dañado No prestable Tipo de ítem específico Ubicación habitual Ubicación actual Localización Fecha de creación Forma de adquisición Costo Volúmen / Fascículo Total préstamos Signatura topográfica Código de barras Última vez visto Ejemplar Price effective from Tipo de ítem
    LOCAL     Libro archivo Archivo Histórico Archivo Histórico Archivo histórico 19/08/2014 Donación 0.00 V.1   E32N020 L004437 19/08/2014 Ej.1 19/08/2014 Libro